|
|
|
|
| LEADER |
00753nam#a2200253#a#4500 |
| 001 |
001018 |
| 005 |
20160721141840.0 |
| 008 |
950628s1989####ag##################spa#d |
| 020 |
|
|
|a 950230456X
|
| 040 |
|
|
|a AR-BeUNQ
|
| 099 |
|
|
|a 17-C2
|
| 100 |
1 |
|
|a Correa, Carlos Maria
|
| 245 |
0 |
2 |
|a Tecnología y desarrollo de la informática en el contexto norte-sur
|c Carlos Maria Correa.
|
| 260 |
|
|
|a Buenos Aires :
|b Eudeba,
|c 1989
|
| 300 |
|
|
|a 224 p
|
| 490 |
0 |
|
|a Temas
|
| 650 |
|
7 |
|a DESARROLLO
|2 spines
|
| 650 |
|
7 |
|a INFORMATICA
|2 spines
|
| 650 |
|
7 |
|a TECNOLOGIA
|2 spines
|
| 650 |
|
7 |
|a RELACIONES INTERNACIONALES
|2 spines
|
| 650 |
|
7 |
|a ASPECTOS LEGALES
|2 spines
|
| 929 |
|
|
|a COMPRA
|b Eudeba
|c Exp. 827-0207/95
|d 13,30
|e 1995
|j 11321
|
| 942 |
|
|
|c LIB
|n 0
|
| 999 |
|
|
|c 3819
|d 79206
|